000 00296nam a2200121Ia 4500
008 260210s9999 xx 000 0 und d
020 _a9789386906908
100 _aGEORGE MICHELL
245 0 _aLEPAKSHI ARCHITECTURE SCULPTURE,PAINTING
260 _bNIYOGI BOOKS
260 _c2019
942 _cUG
999 _c14268
_d14268